| 000 | 00601nam a2200217Ia 4500 | ||
|---|---|---|---|
| 003 | OSt | ||
| 005 | 20230530093335.0 | ||
| 008 | 210423s2016 xx 000 0 und d | ||
| 020 | _a81-8324-673-7 | ||
| 040 | _cAL | ||
| 041 | _aeng | ||
| 082 | _a546 SINA | ||
| 100 |
_aSINGH (Rajbir) _9116251 |
||
| 245 | _aAdvanced inorganic chemistry: transition elements | ||
| 260 |
_aNew Delhi _bMittal Publications _c2016 |
||
| 300 |
_av,248 _bHB |
||
| 365 |
_b1200 _cINR |
||
| 650 |
_aInorganic Chemistry _9116252 |
||
| 906 | _aAdvanced ; chemistry: ; elements ; inorganic ; transition | ||
| 942 |
_2ddc _cBK |
||
| 999 |
_c168345 _d168345 |
||